000
00264nam a2200109 a 4500
005
20200930070835.0
008
110926s1987 000 spa d
020
_a
2865371865
245
0
_a
Au temps des isles รก sucre.
260
_a
Paris,
_c
1987.
999
_c
33666
_d
33666
040
_a
DO-SdBNP